<?xml version="1.0" encoding="UTF-8"?><?xml-stylesheet type="text/xsl" href="static/style.xsl"?><OAI-PMH xmlns="http://www.openarchives.org/OAI/2.0/" xmlns:xsi="http://www.w3.org/2001/XMLSchema-instance" xsi:schemaLocation="http://www.openarchives.org/OAI/2.0/ http://www.openarchives.org/OAI/2.0/OAI-PMH.xsd"><responseDate>2026-05-14T11:37:01Z</responseDate><request verb="GetRecord" identifier="oai:riubu.ubu.es:10259/7248" metadataPrefix="marc">https://riubu.ubu.es/oai/request</request><GetRecord><record><header><identifier>oai:riubu.ubu.es:10259/7248</identifier><datestamp>2023-03-17T11:07:16Z</datestamp><setSpec>com_10259_3847</setSpec><setSpec>com_10259_5086</setSpec><setSpec>com_10259_2604</setSpec><setSpec>col_10259_3848</setSpec></header><metadata><record xmlns="http://www.loc.gov/MARC21/slim" xmlns:doc="http://www.lyncode.com/xoai" xmlns:xsi="http://www.w3.org/2001/XMLSchema-instance" xmlns:dcterms="http://purl.org/dc/terms/" xsi:schemaLocation="http://www.loc.gov/MARC21/slim http://www.loc.gov/standards/marcxml/schema/MARC21slim.xsd">
<leader>00925njm 22002777a 4500</leader>
<datafield tag="042" ind1=" " ind2=" ">
<subfield code="a">dc</subfield>
</datafield>
<datafield tag="720" ind1=" " ind2=" ">
<subfield code="a">Mezquita, Yeray</subfield>
<subfield code="e">author</subfield>
</datafield>
<datafield tag="720" ind1=" " ind2=" ">
<subfield code="a">Casado Vara, Roberto Carlos</subfield>
<subfield code="e">author</subfield>
</datafield>
<datafield tag="720" ind1=" " ind2=" ">
<subfield code="a">González Briones, Alfonso</subfield>
<subfield code="e">author</subfield>
</datafield>
<datafield tag="720" ind1=" " ind2=" ">
<subfield code="a">Prieto, Javier</subfield>
<subfield code="e">author</subfield>
</datafield>
<datafield tag="720" ind1=" " ind2=" ">
<subfield code="a">Corchado, Juan M.</subfield>
<subfield code="e">author</subfield>
</datafield>
<datafield tag="260" ind1=" " ind2=" ">
<subfield code="c">2021-12</subfield>
</datafield>
<datafield tag="520" ind1=" " ind2=" ">
<subfield code="a">Logistics services involve a wide range of transport operations between distributors and clients. Currently, the large number of&#xd;
intermediaries are a challenge for this sector, as it makes all the processes more complicated. To face that problem, we propose&#xd;
a system that uses smart contracts to remove intermediaries and speed up logistics activities. Our new model combines smart&#xd;
contracts and a multi-agent system in a single platform to improve the current logistics system by increasing organization,&#xd;
security and getting rid of several human intermediaries to automate its processes, making distribution times significantly&#xd;
faster. Also, with this kind of approach, it is possible to apply penalties to parties that do not comply with the terms of using&#xd;
this platform.</subfield>
</datafield>
<datafield tag="024" ind2=" " ind1="8">
<subfield code="a">1367-0751</subfield>
</datafield>
<datafield tag="024" ind2=" " ind1="8">
<subfield code="a">http://hdl.handle.net/10259/7248</subfield>
</datafield>
<datafield tag="024" ind2=" " ind1="8">
<subfield code="a">10.1093/jigpal/jzaa039</subfield>
</datafield>
<datafield tag="024" ind2=" " ind1="8">
<subfield code="a">1368-9894</subfield>
</datafield>
<datafield ind1=" " ind2=" " tag="653">
<subfield code="a">Blockchain</subfield>
</datafield>
<datafield ind1=" " ind2=" " tag="653">
<subfield code="a">Smart contract</subfield>
</datafield>
<datafield ind1=" " ind2=" " tag="653">
<subfield code="a">Multi-agent system</subfield>
</datafield>
<datafield ind1=" " ind2=" " tag="653">
<subfield code="a">Logistical utilities</subfield>
</datafield>
<datafield tag="245" ind1="0" ind2="0">
<subfield code="a">Blockchain-based architecture for the control of logistics activities: Pharmaceutical utilities case study</subfield>
</datafield>
</record></metadata></record></GetRecord></OAI-PMH>